| 000 | 01481nam a2200361 a 4500 | ||
|---|---|---|---|
| 001 | ebr10489968 | ||
| 003 | CaPaEBR | ||
| 006 | m u | ||
| 007 | cr cn||||||||| | ||
| 008 | 071022s2007 enk sb 001 0 eng d | ||
| 010 | _z 2007299821 | ||
| 020 | _z0567043649 | ||
| 020 | _z9780567043641 | ||
| 040 |
_aCaPaEBR _cCaPaEBR |
||
| 035 | _a(OCoLC)756048932 | ||
| 050 | 1 | 4 |
_aBS2545.W65 _bD69 2007eb |
| 082 | 0 | 4 |
_a226.4/06 _222 |
| 100 | 1 | _aDowling, Elizabeth V. | |
| 245 | 1 | 0 |
_aTaking away the pound _h[electronic resource] : _bwomen, theology, and the parable of the pounds in the Gospel of Luke / _cElizabeth V. Dowling. |
| 260 |
_aLondon ; _aNew York : _bT & T Clark, _cc2007. |
||
| 300 | _axi, 252 p. | ||
| 490 | 1 |
_aLibrary of New Testament studies ; _v324 |
|
| 490 | 1 | _aT & T Clark library of biblical studies | |
| 504 | _aIncludes bibliographical references and indexes. | ||
| 533 |
_aElectronic reproduction. _bPalo Alto, Calif. : _cebrary, _d2013. _nAvailable via World Wide Web. _nAccess may be limited to ebrary affiliated libraries. |
||
| 630 | 0 | 0 |
_aBible. _pN.T. _pLuke _xCriticism, interpretation, etc. |
| 650 | 0 | _aWomen in the Bible. | |
| 655 | 7 |
_aElectronic books. _2local |
|
| 710 | 2 | _aebrary, Inc. | |
| 830 | 0 |
_aLibrary of New Testament studies ; _v324. |
|
| 830 | 0 | _aT & T Clark library of biblical studies. | |
| 856 | 4 | 0 |
_uhttp://site.ebrary.com/lib/rucke/Doc?id=10489968 _zAn electronic book accessible through the World Wide Web; click to view |
| 999 |
_c127189 _d127189 |
||